00632nam a2200217Ia 4500001000600000003000900006008004100015040001300056040001300069041001300082100001600095100002900111245005400140245005500194250001100249260001100260260003400271300005400305650002400359650003100383 6418IT-RoPAU130308s9999 xx 000 0 und d aIT-RoPAU cIT-RoPAU aITALIANO aGili Gianni gCodice Aut. SPICS: 6069 aFotografia tra informazione e mistificazione (La) bFotografia tra Comunicazione e mistificazione (La) a1a ed. aTORINO bCamera Confederale Del Lavoro a"3 p. (prefazione: no ; testo: 3 [pagine: 9-11])" aSAGGI DI FOTOGRAFIA eCodice materia Spics: 6761